000 00682nam a2200205 a 4500
001 000009787
005 20240412074213.0
008 091001s1978 dr r 001 p spa d
040 _aDO-SdBNP
_bspa
_cBNPHU
082 _aRD861.44
_bC957d
100 1 _aCruz, Josefina de la
_922955
245 1 0 _aDebajo de la piel :
_b(y otros poemas anónimos) /
_cJosefina de la Cruz.
260 _aSanto Domingo :
_bCosmos,
_c1978.
300 _a83 p. ;
_c13 cm.
500 _aIncluye datos biográficos de la autora en la página 83.
590 _aInventariado, 2018/BT
650 0 _aPoesía dominicana
_966
650 0 _aLiteratura dominicana.
_967
910 _aValidado. Control de calidad. MFF
999 _c9546
_d9546